000 01001nam2a2200253 i 4500
001 RU\NLR\BIBL_A\010415298
005 20240728145526.0
010 _a9785949622568
021 _aRU
_b2014-35827
_92184
035 _a(NILC)RuMoRGB-006738810
035 _a(NLR Aleph) 010415298
090 _a9785014
_c9785014
100 _a20140401d2014 um y0rusy50 ca
101 0 _arus
102 _aRU
105 _aa|||z|||000gy
200 1 _a2
210 _d2014
215 _a221, [1] с.
_cил.
461 0 _1001RU\NLR\BIBL_A\010434396
_12000#$aСтихи для гурманов$fРинат Валиуллин$v2
_1700#1$aВалиуллин$bР. Р.$f1969-$gРинат Рифович$3RU\NLR\AUTH\770159575$4070
_99864121
_aВалиуллин, Р. Р. (1969-)
_cСанкт-Петербург
_d2014
_fРинат Валиуллин
_nАнтология
_tСтихи для гурманов
_v2
942 _cBOOK
980 _aNBR